00706 2200265 4500001002100000005001700021008004100038020001800079035002400097082001000121090001700131100002300148245006800171250001100239260003300250300002900283500003100312650002000343850001500363980001300378985000600391986001300397999001500410999001500425YOGYA-0209000001679720090227022703.0 ind  a979-421-203-2 0010-020900000016797 a581.5 a581.5bJum E aJUMIN, Hasan Basri aEkologi tanamanbsebuah pendekatan fisiologicHasan Basri Jumin aCet. 2 aJAkartabRajawali Persc1992 axi, 162 hlmbilusc21 cm aBibliografi : hlm. 157-162 aEkologi tanaman aYOPDYOG(B) a02-12-05 a2 afwhRTREV a94P0048842 a95P0073119